Statistics for A-Z of Christmas

Click here to take the quiz!

General Stats

  • This quiz has been taken 97 times
  • The average score is 15 of 24

Answer Stats

LetterHintAnswer% Correct
ELittle people who live at the North PoleElves
94%
BYou may hear these around Christmas timeBells
91%
CPeople traditionally leaves this unhealthy snack for the fat man in the white beardCookies
89%
AOne of these told Mary she was pregnant with JesusAngel
85%
XThe spelling of Christmas for lazy peopleXmas
85%
FMerry Christmas in SpanishFeliz Navidad
84%
NThe saint who may also be called by his more popular name, SantaSaint Nicholas
80%
HThe holiday celebrated by Jewish believers in DecemberHanukkah
79%
PFirst of the gifts in the 12 days of ChristmasPartridge in a Pear Tree
79%
WEverybody wishes their Christmasses would be _____White
74%
UThis is the best thing to do to presents Unwrap
70%
MOne of the gifts the Three Wise Men bought JesusMyrrh
67%
OUsually fragile. These are special items usually associated with ChristmasOrnaments
67%
SEverybody's least favourite presents. Usually handed out by Grandma (just a joke)Socks
64%
RYou give and _______ presentsRecieve
59%
IThis plant is usually associated with Christmas Ivy
55%
LSanta lives in either the North Pole or Lapland
52%
VYou may do this to relativesVisit
51%
DYou'll see these all over during DecemberDecorations
49%
YA Nordic tradition. The rest of the world adds chocolate to it Yule Log
48%
JMerry Christmas in FrenchJoyeux Noel
39%
KThe Japanese usually eat at this restaurant at ChristmasKFC
34%
TIn a traditional Christmas dinner there's turkey and the ______Trimmings
28%
GYou'll see these sugary treats all year round but are primarily eaten at ChristmasGingerbread Man
23%

Score Distribution

Percentile by Number Answered

Percent of People with Each Score

Your Score History

You have not taken this quiz